000 002260000a22000970004500
100 1 _aSalem, Luis D.
245 1 0 _aLos genios
300 _aVol. 1, Núm 57 (1999), Páginas 16-17
773 0 _tImpacto Presbiteriano
942 _cANA
999 _c51111
_d51111